Chaos and deterministic versus stochastic non-linear modelling.

Opis techniky skúmania otázky, do akej miery je neregularita v neperiodických časových radoch spôsobená dynamikou chaosu nízkej dimenzie. Konštrukcia nelineárnych modelov a presnosť ich krátkodobých predpovedí. Aplikácia na mnohých príkladoch a porovnanie výsledkov.

Saved in:
Bibliographic Details
Main Author: Casdagli, M.
Format: Book Chapter
Language:English
Subjects:
Tags: Add Tag
No Tags, Be the first to tag this record!

MARC

LEADER 00000naa a2200000 4500
001 r009955
005 20221213085052.0
041 0 |a eng 
044 |a GB 
245 1 0 |a Chaos and deterministic versus stochastic non-linear modelling.  |c M. Casdagli 
520 |a Opis techniky skúmania otázky, do akej miery je neregularita v neperiodických časových radoch spôsobená dynamikou chaosu nízkej dimenzie. Konštrukcia nelineárnych modelov a presnosť ich krátkodobých predpovedí. Aplikácia na mnohých príkladoch a porovnanie výsledkov. 
610 2 0 |a modely nelineárne 
610 2 0 |a rady časové 
610 2 0 |a metódy matematicko-štatistické 
100 1 |a Casdagli, M.